La novela norteamericana moderna

Guardat en:
Dades bibliogràfiques
Autor principal: Bradbury, Malcolm
Format: Llibre
Idioma:Undetermined
Publicat: México, Distrito Federal Fondo de Cultura Económica 1988
Matèries:
Etiquetes: Afegir etiqueta
Sense etiquetes, Sigues el primer a etiquetar aquest registre!

MARC

LEADER 00000nam a2200000Ia 4500
008 170316s9999 xx 000 0 und d
090 |a 801 B-27n 
100 |a Bradbury, Malcolm 
245 |a La novela norteamericana moderna 
260 |a México, Distrito Federal 
260 |b Fondo de Cultura Económica 
260 |c 1988 
300 |a 353 páginas 
650 |a TEORÍA LITERARIA 
650 |a LITERATURA NORTEAMÉRICANA 
650 |a NOVELA 1890-1980 
650 |a NATURALISMO 
650 |a MODERNISMO 
650 |a REALISMO 
650 |a SURREALISMO 
999 |c 20091  |d 20091 
040 |a cru BVZT 
942 |c 15 D  |h 801 B-27n  |2 z